<?xml version="1.0" encoding="UTF-8"?>
<record
    xmlns:xsi="http://www.w3.org/2001/XMLSchema-instance"
    xsi:schemaLocation="http://www.loc.gov/MARC21/slim http://www.loc.gov/standards/marcxml/schema/MARC21slim.xsd"
    xmlns="http://www.loc.gov/MARC21/slim">

  <leader>01631    a2200181   4500</leader>
  <controlfield tag="001">445956</controlfield>
  <controlfield tag="003">XX-XxUND</controlfield>
  <controlfield tag="008">      s2021    xx |||||||||||| ||||und d</controlfield>
  <datafield tag="020" ind1=" " ind2=" ">
    <subfield code="a">9786079938635</subfield>
  </datafield>
  <datafield tag="035" ind1=" " ind2=" ">
    <subfield code="a">9786079938635</subfield>
  </datafield>
  <datafield tag="100" ind1="1" ind2=" ">
    <subfield code="a">Manuel Espinoza Barrag&#xE1;n</subfield>
    <subfield code="e">author</subfield>
  </datafield>
  <datafield tag="245" ind1="1" ind2=" ">
    <subfield code="a">Juicio de amparo</subfield>
  </datafield>
  <datafield tag="260" ind1=" " ind2=" ">
    <subfield code="a">M&#xE9;xico</subfield>
    <subfield code="b">M&#xE9;xico</subfield>
    <subfield code="c">2021-07-04 01:28:17</subfield>
  </datafield>
  <datafield tag="520" ind1=" " ind2=" ">
    <subfield code="a">1. Supremac&#xED;a y control de la constitucionalidad 2. Antecedentes del juicio de amparo 3. Procedencia y extensi&#xF3;n protectora del juicio de amparo 4. Autoridad o particular responsable, y acto reclamado en el juicio de amparo 5. Concepto y naturaleza jur&#xED;dica del amparo 6. Principios constitucionales del juicio de amparo 7. La acci&#xF3;n en el amparo 8. Las partes en el juicio de amparo 9. Capacidad y personer&#xED;a en el juicio de amparo 10. La competencia en materia de amparo 11. Figuras procesales en el juicio de amparo 12. La improcedencia en el juicio de amparo 13. El sobreseimiento en el juicio de amparo 14. Amparo indirecto o biinstancial 15. Amparo directo o uniinstancial 16. Las sentencias en el juicio de amparo 17. Cumplimentaci&#xF3;n y ejecuci&#xF3;n de las sentencias de amparo 18. Los recursos en el juicio de amparo 19. La suspensi&#xF3;n del acto reclamado 20. La suspensi&#xF3;n en el amparo indirecto 21. La suspensi&#xF3;n en el amparo directo 22. Jurisprudencia 23. La responsabilidad en el juicio de amparo 24. El amparo contra normas generales</subfield>
  </datafield>
  <datafield tag="650" ind1=" " ind2="4">
    <subfield code="a">Biinstancial,Indirecto,Uniinstancial,Procesales,Sentencia,Juicio,Recursos,Reclamado,Directo,Acto</subfield>
  </datafield>
  <datafield tag="856" ind1="4" ind2=" ">
    <subfield code="u">https://biblioteca.dikaia.com.mx/reader/juicio-de-amparo-1625380352</subfield>
  </datafield>
  <datafield tag="942" ind1=" " ind2=" ">
    <subfield code="c">RAA</subfield>
  </datafield>
  <datafield tag="952" ind1=" " ind2=" ">
    <subfield code="0">0</subfield>
    <subfield code="1">0</subfield>
    <subfield code="4">0</subfield>
    <subfield code="7">0</subfield>
    <subfield code="8">DIKAIA</subfield>
    <subfield code="9">331755</subfield>
    <subfield code="a">BD-UIN</subfield>
    <subfield code="b">BD-UIN</subfield>
    <subfield code="d">2024-03-08</subfield>
    <subfield code="l">0</subfield>
    <subfield code="p">445956</subfield>
    <subfield code="r">2024-03-08</subfield>
    <subfield code="w">2024-03-08</subfield>
    <subfield code="y">RAA</subfield>
  </datafield>
  <datafield tag="999" ind1=" " ind2=" ">
    <subfield code="c">173849</subfield>
    <subfield code="d">173849</subfield>
  </datafield>
</record>
